| 000 | 00949nam a2200265 a 4500 | ||
|---|---|---|---|
| 001 | 000045569 | ||
| 003 | OSt | ||
| 005 | 20201026090928.0 | ||
| 008 | 150415s1994 dr a 000 0 spa d | ||
| 040 |
_aDO-SdBNP _bspa _cDO-SdBNP |
||
| 082 |
_a510 _bB142m |
||
| 100 | 1 |
_aBáez de Erazo, Melba _937061 |
|
| 245 | 1 | 0 |
_aMatemática básica III / _cMelba Báez de Erazo, Reyita Taveras de Frías. |
| 260 |
_aSanto Domingo : _bCorripio, _c1994. |
||
| 300 |
_axviii, 560 p. : _bil. ; _c23 cm. |
||
| 500 | _aIncluye datos biográficos de las autoras en la solapa de la contracubierta | ||
| 504 | _aBibliografía : p. 559-560 | ||
| 590 | _aInventariado, 2020/VM | ||
| 650 | 7 |
_aMatemáticas _xProblemas, ejercicios, etc _919473 |
|
| 650 |
_a Ecuaciones, _xProblemas, ejercicios etc. _919476 |
||
| 650 | 7 |
_aTeoría de conjuntos _xProblemas, ejercicio, etc _977018 |
|
| 700 | 1 | 2 |
_aTaveras de Frías, Reyita _937771 |
| 942 |
_2ddc _cLBS1 |
||
| 956 | _aVMateo | ||
| 999 |
_c45058 _d45058 |
||